Návrh softvéru pre riešenie vyhodnocovania variantov pomocou zhlukovej analýzy diplomová práca

Salvato in:
Dettagli Bibliografici
Autore principale: Kalužák, Lukáš
Ente Autore: Fakulta hospodárskej informatiky EU. Katedra operačného výskumu a ekonometrie
Altri autori: Ivaničová, Zlatica
Natura: Libro
Lingua:slovacco
Pubblicazione: Bratislava 2015
Tags: Aggiungi Tag
Nessun Tag, puoi essere il primo ad aggiungerne!!

MARC

LEADER 00000nbm a2200000 4500
001 0203624
005 20161212113656.1
041 0 |a slo 
044 |a SK 
245 1 0 |a Návrh softvéru pre riešenie vyhodnocovania variantov pomocou zhlukovej analýzy  |b diplomová práca  |c Lukáš Kalužák ; školiteľ: Zlatica Ivaničová 
264 1 |a Bratislava  |c 2015 
300 |a 68 s. 
100 1 |a Kalužák, Lukáš 
700 1 |a Ivaničová, Zlatica 
710 2 |a Fakulta hospodárskej informatiky EU. Katedra operačného výskumu a ekonometrie